<?xml version="1.0" encoding="UTF-8"?>
<marc:record xmlns:marc="http://www.loc.gov/MARC21/slim">
   <marc:leader>00000nam a2200000 a 4500</marc:leader>
   <marc:datafield ind1="1" ind2=" " tag="100">
      <marc:subfield code="a">Schmoll, Julia Marie</marc:subfield>
      <marc:subfield code="4">aut</marc:subfield>
      <marc:subfield code="e">Verfasser/-in</marc:subfield>
   </marc:datafield>
   <marc:datafield ind1="0" ind2="0" tag="245">
      <marc:subfield code="a">Die Maschen der Narzissten</marc:subfield>
   </marc:datafield>
   <marc:datafield ind1="0" ind2="0" tag="245">
      <marc:subfield code="b">erkennen, verstehen, selbstbewusst Grenzen setzen</marc:subfield>
   </marc:datafield>
   <marc:datafield ind1=" " ind2="1" tag="264">
      <marc:subfield code="b">GRÄFE UND UNZER VERLAG GmbH</marc:subfield>
      <marc:subfield code="c">2021</marc:subfield>
   </marc:datafield>
   <marc:datafield ind1="1" ind2=" " tag="520">
      <marc:subfield code="a">Es gibt typische Maschen, die Narzissten immer wieder an den Tag legen. Sie sind manchmal subtil und daher nicht immer auf den ersten Blick erkennbar. Zeigen kann sich dies in bestimmten Stimmungen, Aktionen und Aussagen. Die Auswirkungen können für das Umfeld und die Narzissten selbst sehr verstörend sein und zerstörerische Wirkungen haben.Julia Marie Schmoll, Expertin in Sachen Narzissmus, weiß, wie man typisches Verhalten von Narzissten in der Liebe, im Job, der Familie oder in Freundschaften erkennt. Sie greift auf jahrelange Erfahrungen in der Arbeit mit Menschen zurück, die schädigendes narzisstisches Verhalten erfahren haben.Die Entwicklung einer klaren eigenen Haltung, innerer Gelassenheit und Stärke bildet die Grundlage für einen souveränen Umgang mit extremen Narzissten. Das Buch zeigt, wie diese entwickelt werden können, um sich zukünftig nicht mehr verunsichern zu lassen.Dieses Buch ist: kompetent, kompakt, pointiert und äußerst hilfreich.</marc:subfield>
   </marc:datafield>
   <marc:datafield ind1=" " ind2=" " tag="020">
      <marc:subfield code="a">9783833877452</marc:subfield>
      <marc:subfield code="9">9783833877452</marc:subfield>
   </marc:datafield>
</marc:record>
